عرض عادي
عرض مارك
- الدبيس، ماجد مصطفى شامان
مدخل إسم شخص
001 - رقم الضبط
- حقل الضبط: 98832
003 - معرف رقم الضبط
- حقل الضبط: OSt
005 - تاريخ ووقت أخر عملية
- حقل الضبط: 20220828093301.0
008 - عناصر بيانات ثابتة الطول
- حقل تحكم ثابت الطول: 220828|| aca||aabn | a|a d
040 ## - مصدر الفهرسة
- هيئة الفهرسة الأصلية: OSt
- وكالة الكتابة: OSt
100 ## - مدخل -- أسم شخص
- إسم شخص: الدبيس، ماجد مصطفى شامان
670 ## - بيانات المصدر موجوده
- الاستشهاد بالمصدر: Work cat.: (OSt)81829: الدبيس، ماجد مصطفى شامان, علم المكتبات وما يحتاجه أمين المكتبة /
